000 00820nam a22001337a 4500
040 _cRUA
082 _aFOR CHH 2013 B141 Or.1
100 _aCHHEANG DARA
245 _aStudy onmedicinal plants and their use in prey kus communinty foresty , kus commune , tramkork district, takoe province, ការសិក្សាពីប្រភេទ និងការប្រើប្រាស់រុក្ខជាតិឱសថស្ថិតនៅក្នុងសហគមន៍ព្រៃឈើគុសស្ថិតនៅក្នុងឃុំគុស ស្រុកត្រំាកក់ ខេត្តតាកែវ
260 _aPhnom Penh
_bRUA
_c2013
300 _aix; 44p.
_bill.
_c29cm.
856 _uhttps://drive.google.com/file/d/1bX4jLQhXZGgfEO51-006NI5yFrUQ-AoV/view?usp=sharing
942 _cFOR
999 _c3454
_d3454